Movies Quiz

Random Movies or Disney Quiz

Mini-Profiles: Disney Villains Quiz Stats

 Plays Quiz Updated Jan 27, 2019

Support Sporcle.
Go Orange.
Score 0/24 Timer 08:00
0 Plays Today
Hint Answer % Correct
UrsulaThe Little Mermaid
97.6%
ScarThe Lion King
96.8%
Captain HookPeter Pan
95.1%
JafarAladdin
93.3%
HadesHercules
91.9%
MaleficentSleeping Beauty
88.2%
Captain HookTick-Tock the Crocodile
87.8%
ScarMufasa
87.4%
JafarIago the Parrot
82.1%
ScarShenzi, Banzai and Ed
80.4%
HadesUnderworld
78%
JafarLamp
74.5%
Hint Answer % Correct
Captain HookMr. Smee
74%
MaleficentDragon
72.7%
UrsulaFlotsam and Jetsam
67.9%
Scar'Be Prepared'
64.5%
MaleficentSpinning Wheel
64.4%
Ursula'Poor Unfortunate Souls'
62%
HadesPain and Panic
54.2%
MaleficentDiablo the Raven
48%
JafarAgrabah
45%
Captain HookJolly Roger
41.9%
UrsulaVanessa
35.4%
HadesCerberus
32.7%

You're not logged in!

Compare scores with friends on all Sporcle quizzes.
OR
Log In

From the Vault

MLB Leaders by Year (2000s)

by blunders

We always love it when a sports quiz won't need to be updated.
Remove Ads.
Support Sporcle.
Get the best of Sporcle when you Go Orange. This ad-free experience offers more features, more stats, and more fun while also helping to support Sporcle. Thank you for becoming a member.

Show Comments

Extras

Top Quizzes Today


Score Distribution

Your Account Isn't Verified!

In order to create a playlist on Sporcle, you need to verify the email address you used during registration. Go to your Sporcle Settings to finish the process.

Report this User

Report this user for behavior that violates our Community Guidelines.

Details: